| 000 -LEADER |
| fixed length control field |
00757nam a22002417a 4500 |
| 001 - CONTROL NUMBER |
| control field |
13193 |
| 003 - CONTROL NUMBER IDENTIFIER |
| control field |
BD-DhUAP |
| 005 - DATE AND TIME OF LATEST TRANSACTION |
| control field |
20200205124836.0 |
| 008 - FIXED-LENGTH DATA ELEMENTS--GENERAL INFORMATION |
| fixed length control field |
200205s2007 bg ||||| b|||f001 0 eng d |
| 020 ## - INTERNATIONAL STANDARD BOOK NUMBER |
| International Standard Book Number |
9848372113 |
| 040 ## - CATALOGING SOURCE |
| Original cataloging agency |
BD-DhAAL |
| Language of cataloging |
Eng |
| Transcribing agency |
BD-DhUAP |
| Modifying agency |
BD-DhUAP |
| 082 ## - DEWEY DECIMAL CLASSIFICATION NUMBER |
| Edition number |
23 |
| Classification number |
346.5492044 KAB |
| 100 ## - MAIN ENTRY--PERSONAL NAME |
| Personal name |
Kabir, Lutful. |
| 245 ## - TITLE STATEMENT |
| Title |
The state acquisition and tenancy Act, 1950 / |
| Statement of responsibility, etc. |
Lutful Kabir. |
| 250 ## - EDITION STATEMENT |
| Edition statement |
2nd ed. |
| 260 ## - PUBLICATION, DISTRIBUTION, ETC. |
| Place of publication, distribution, etc. |
Dhaka : |
| Name of publisher, distributor, etc. |
Ain prokashan, |
| Date of publication, distribution, etc. |
2007. |
| 300 ## - PHYSICAL DESCRIPTION |
| Extent |
xxi, 484 pages ; |
| Other physical details |
22 cm. |
| 500 ## - GENERAL NOTE |
| General note |
[As modified up to September, 2006] |
| 504 ## - BIBLIOGRAPHY, ETC. NOTE |
| Bibliography, etc. note |
Includes bibliographical references. |
| 650 ## - SUBJECT ADDED ENTRY--TOPICAL TERM |
| Topical term or geographic name entry element |
Land reform |
| General subdivision |
Law and legislation |
| Geographic subdivision |
Bangladesh |
| 9 (RLIN) |
29787 |
| 942 ## - ADDED ENTRY ELEMENTS (KOHA) |
| Source of classification or shelving scheme |
|
| Koha item type |
Book |